[Event "ch-SUI"]
[Site "Lenzerheide SUI"]
[Date "2006.07.14"]
[Round "2"]
[White "Zueger,B"]
[Black "Landenbergue,C"]
[Result "1/2-1/2"]
[WhiteElo "2409"]
[BlackElo "2440"]

1.c4 e5 2.g3 Nf6 3.Bg2 Nc6 4.Nc3 Bb4 5.Nd5 Bc5 6.e3 O-O 7.Ne2 d6 8.d4 Bb6
9.Nxb6 axb6 10.d5 Ne7 11.e4 Nd7 12.O-O f5 13.exf5 Nf6 14.Nc3 Bxf5 15.h3 Ng6
16.Be3 h6 17.Qd2 Rf7 18.Rae1 Nh7 19.Kh2  1/2-1/2

[Event "6th TCh-Euro u18 Girls"]
[Site "Balatonlelle HUN"]
[Date "2006.07.16"]
[Round "5"]
[White "Franciskovic,B"]
[Black "Djukic,Sa"]
[Result "1/2-1/2"]
[WhiteElo "2160"]
[BlackElo "2137"]

1.c4 e5 2.g3 Nc6 3.Bg2 f5 4.Nc3 Nf6 5.d3 Bb4 6.Nf3 d6 7.O-O Bxc3 8.bxc3 O-O
9.Rb1 Qe8 10.e3 e4 11.Ne1 Qf7 12.c5 Qxa2 13.Rb2 Qe6 14.cxd6 cxd6 15.Nc2 Ne5
16.Nd4 Qf7 17.dxe4 fxe4 18.f3 d5 19.fxe4 dxe4 20.Rb5 Nc4 21.Bxe4 Nxe4 22.Rxf7 Rxf7
23.Qe2 Ncd6 24.Rh5 Nf6 25.Re5 Bg4 26.Qg2 Rc8 27.h3 Bd7 28.Bd2 Nc4 29.Rg5 h6
30.Rg6 Ne5 31.Rxf6 Rxf6 32.Qd5+ Rf7 33.Qxe5 Bxh3 34.Ne2 Rd8 35.Nf4 Bg4 36.Nd5 Kh8
37.c4 Be2 38.Bc3 Bxc4 39.Nf4 Kg8 40.Kg2 b5 41.Ng6 Kh7 42.Ne7 Bf1+ 43.Kh2 Bd3
44.e4 Rdf8 45.Nf5 g6 46.Qd4 Bxe4 47.Qxe4 gxf5 48.Qe5 a6 49.Kh3 Rc8 50.Qe6 Rcf8
51.Qe5 Rc8 52.Qe6 Rcf8 53.Qe5 Rc8 54.Qe6  1/2-1/2

[Event "25th Open"]
[Site "St Veit AUT"]
[Date "2006.07.16"]
[Round "9"]
[White "Praznik,N"]
[Black "Smole,A"]
[Result "1-0"]
[WhiteElo "2356"]
[BlackElo "2136"]

1.c4 e5 2.g3 Nf6 3.Bg2 Nc6 4.Nf3 g6 5.d4 exd4 6.Nxd4 Bg7 7.Nxc6 dxc6 8.Qb3 O-O
9.O-O Qe7 10.Nc3 Rb8 11.Bxc6 bxc6 12.Qxb8 Bh3 13.Qxa7 Ne4 14.Qe3 f5 15.Nxe4 fxe4
16.Bd2 Bxb2 17.Rab1 Qf6 18.Rxb2 Qxb2 19.Bc3 Qa3 20.Qd4 Kf7 21.Rd1 Qa8 22.Qg7+ Ke8
23.Bb4  1-0

[Event "ch-SUI"]
[Site "Lenzerheide SUI"]
[Date "2006.07.17"]
[Round "5"]
[White "Zueger,B"]
[Black "Jenni,F"]
[Result "1/2-1/2"]
[WhiteElo "2409"]
[BlackElo "2481"]

1.c4 e5 2.g3 Nf6 3.Bg2 Nc6 4.Nc3 Bc5 5.Nf3 O-O 6.O-O d6 7.d3 h6 8.a3 a5 9.e3 Bb6
10.b3 Ne7 11.d4 Ng6 12.Bb2 c6 13.Qc2 Qe7 14.c5 Bc7 15.cxd6 Bxd6 16.dxe5 Nxe5
17.Nd4 Rd8 18.Nf5 Bxf5 19.Qxf5 Bc7 20.Rfd1 Rxd1+ 21.Rxd1 Rd8 22.Qc2  1/2-1/2

[Event "Aegean Open"]
[Site "Agios Kirikos GRE"]
[Date "2006.07.19"]
[Round "9"]
[White "Groh,J"]
[Black "Kesoglou,K"]
[Result "1-0"]
[WhiteElo "2148"]
[BlackElo "2072"]

1.c4 e5 2.g3 Nf6 3.Bg2 Nc6 4.Nf3 g6 5.d4 exd4 6.Nxd4 Nxd4 7.Qxd4 Bg7 8.Qe5+ Kf8
9.Nc3 d6 10.Qa5 a6 11.O-O Rb8 12.c5 dxc5 13.Qxc5+ Qe7 14.Qa7 Nd7 15.Be3 Be5
16.Nd5 Qe6 17.Rad1 c6 18.Nf4 Qe7 19.Nd3 Bd6 20.Bf4 Bxf4 21.gxf4 Kg7 22.b4 Qd8
23.Qd4+ Qf6 24.Ne5 Nxe5 25.fxe5 Qe6 26.f4 Re8 27.Rd3 f6 28.Bh3 f5 29.Qa7 Bd7
30.Rfd1 Red8 31.Rd6 Qe7 32.Qxb8 Rxb8 33.Rxd7  1-0

[Event "Czech Open A"]
[Site "Pardubice CZE"]
[Date "2006.07.21"]
[Round "1"]
[White "Schlosser,P"]
[Black "Bucinskas,V"]
[Result "1-0"]
[WhiteElo "2572"]
[BlackElo "2333"]

1.c4 e5 2.g3 Nc6 3.Bg2 Bc5 4.Nc3 a6 5.e3 d6 6.Nge2 Nf6 7.O-O O-O 8.h3 Re8
9.b3 h6 10.Bb2 Bf5 11.d3 Qd7 12.Kh2 Rab8 13.Qd2 e4 14.Nd5 Nxd5 15.cxd5 Nd8
16.g4 exd3 17.Nf4 Bg6 18.Qc3 Re5 19.Nxg6 fxg6 20.Qxd3 Qe8 21.Bxe5 Qxe5+ 22.f4 Qf6
23.Rac1 Nf7 24.Rc4 Re8 25.Re4 Rxe4 26.Qxe4 Kf8 27.b4 Bb6 28.a4 a5 29.bxa5 Bxa5
30.Rb1 Nd8 31.Kg3 Kf7 32.h4 Bc3 33.Rc1 g5 34.fxg5 Be5+ 35.Kh3 Qe7 36.g6+ Ke8
37.a5 c5 38.dxc6 bxc6 39.Rxc6 d5 40.Qxd5 Nxc6 41.Qxc6+ Qd7 42.Qe4 Qe7 43.a6 Bb8
44.a7  1-0

[Event "Czech Open B2"]
[Site "Pardubice CZE"]
[Date "2006.07.22"]
[Round "2"]
[White "Lofgren,R"]
[Black "Berdychevaskaya,N"]
[Result "1/2-1/2"]
[WhiteElo "1984"]
[BlackElo "2168"]

1.c4 e5 2.g3 Nf6 3.Bg2 d5 4.cxd5 Nxd5 5.Nc3 Nb6 6.Nf3 Nc6 7.d3 Be7 8.Be3 O-O
9.O-O Be6 10.a3 f6 11.Ne4 Nd4 12.b4 a5 13.Nxd4 exd4 14.Bd2 axb4 15.axb4 Bd5
16.Qc2 f5 17.Nc5 Bxg2 18.Kxg2 Qd5+ 19.Kg1 Bd6 20.e4 dxe3 21.fxe3 Rxa1 22.Rxa1 f4
23.gxf4 Bxf4 24.Qa2 Be5 25.d4 Bxh2+ 26.Kxh2 Nc4 27.Be1 Rf1 28.Bf2 Qh5+ 29.Kg2 Qh1+
30.Kg3 Rxa1 31.Qxc4+ Kh8 32.Qf7 h5 33.Ne6 Rg1+ 34.Bxg1 Qxg1+ 35.Kh3 Qh1+
36.Kg3 Qg1+  1/2-1/2

[Event "XLVIII TCh-POR"]
[Site "Evora POR"]
[Date "2006.07.26"]
[Round "5"]
[White "Damaso,R"]
[Black "Korneev,O"]
[Result "1/2-1/2"]
[WhiteElo "2463"]
[BlackElo "2638"]

1.c4 e5 2.g3 Nc6 3.Bg2 Nf6 4.Nf3 Bc5 5.O-O d6 6.e3 O-O 7.a3 a6 8.b4 Ba7 9.Bb2 Re8
10.Nc3 h6 11.Nd5 Nxd5 12.cxd5 Ne7 13.d4 Nxd5 14.dxe5 dxe5 15.Nxe5 c6 16.Qc2 Qg5
17.Nc4 Rd8 18.Kh1 Qe7 19.Rad1 Bg4 20.f3 Be6 21.e4 Nc7 22.Na5 Nb5 23.h3 Nd4
24.Bxd4 Rxd4 25.Rxd4 Bxd4 26.f4 f6 27.Nb3 Rd8 28.Rd1 Ra8  1/2-1/2

[Event "Open"]
[Site "Kiel GER"]
[Date "2006.07.26"]
[Round "7"]
[White "Jochens,A"]
[Black "Ghadimi,M"]
[Result "1-0"]
[WhiteElo "2218"]
[BlackElo "2109"]

1.c4 e5 2.g3 Nc6 3.Bg2 h5 4.h4 Nf6 5.Nc3 Bc5 6.a3 a5 7.d3 Ng4 8.Nh3 d6 9.Bg5 f6
10.Bd2 Bf5 11.Nd5 Be6 12.O-O Qc8 13.b4 Bd4 14.Rb1 axb4 15.axb4 Ne7 16.e3 Ba7
17.Ra1 c6 18.Nxe7 Kxe7 19.b5 Qd7 20.bxc6 bxc6 21.Ra6 e4 22.Nf4 Ne5 23.Bxe4 g5
24.Nxe6 Kxe6 25.d4 Nxc4 26.Bxc6 Qc8 27.d5+ Kf7 28.Qa4 Nxd2 29.Rd1 Bxe3 30.Rxa8 Qh3
31.Rxd2 Rxa8 32.Qxa8 Bxd2 33.Qe8+ Kg7 34.Qe7+ Kg8 35.Bd7  1-0

[Event "Czech Open B1"]
[Site "Pardubice CZE"]
[Date "2006.07.26"]
[Round "6"]
[White "Franciskovic,B"]
[Black "Nagibin,G"]
[Result "0-1"]
[WhiteElo "2160"]
[BlackElo "2312"]

1.c4 e5 2.g3 Nf6 3.Bg2 d5 4.cxd5 Nxd5 5.Nc3 Nb6 6.Nf3 Nc6 7.O-O Be7 8.b3 O-O
9.Bb2 Re8 10.Rc1 Bf8 11.d3 f5 12.Nd2 g6 13.Nc4 Bg7 14.Re1 Nd4 15.b4 c6 16.Na5 a6
17.a3 Qe7 18.Na4 Nxa4 19.Qxa4 Be6 20.e3 Nb5 21.Rc5 e4 22.d4 b6 23.Nxc6 Qf7
24.Ne5 Bb3 25.Rxb5 Bxe5  0-1

[Event "Dutch Open"]
[Site "Dieren NED"]
[Date "2006.07.27"]
[Round "3"]
[White "Van der Elburg,F"]
[Black "Bensdorp,L"]
[Result "1-0"]
[WhiteElo "2348"]
[BlackElo "2113"]

1.c4 e5 2.g3 Nf6 3.Bg2 d5 4.cxd5 Nxd5 5.Nf3 Nc6 6.O-O Nb6 7.d3 Be7 8.Nc3 O-O
9.a3 a5 10.Be3 Be6 11.Rc1 Nd5 12.Nxd5 Bxd5 13.Qa4 Qc8 14.Bc5 f6 15.Qc2 Qe6
16.Qc3 Rf7 17.e4 Bb3 18.Bh3 Qxh3 19.Qxb3 Bxc5 20.Qxb7 Rb8 21.Qxc6 Bb6 22.Rfd1 Rd8
23.Qc4 Qd7 24.b4 axb4 25.Qxb4 Qd6 26.Qxd6 Rxd6 27.Kf1 Rfd7 28.Ke2 Kf7 29.g4 h6
30.h4 Rd8 31.Rc4 R6d7 32.Ra4 Re7 33.Ra6 Ree8 34.a4 Ra8 35.Rxa8 Rxa8 36.Ra1 Ke7
37.Nd2 Kd7 38.Nc4 Bd4 39.Ra2 Kc6 40.Kf3 Kc5 41.Ne3 Bxe3 42.Kxe3 Ra7 43.f4 Kd6
44.d4 exd4+ 45.Kxd4 Ra5 46.h5 c6 47.Kc4 c5 48.Kb3 Kc6 49.Re2 Ra8 50.e5 Rb8+
51.Kc3 fxe5 52.fxe5 Kd7 53.e6+ Ke7 54.Re4 Rb1 55.Kc4 Rc1+ 56.Kb5 Rc2 57.a5 Ra2
58.Ra4  1-0

[Event "10th Battle of Senta 1697 Open"]
[Site "Senta SCG"]
[Date "2006.07.27"]
[Round "8"]
[White "Juhasz,Las1"]
[Black "Nestorovic,DN"]
[Result "0-1"]
[WhiteElo "2221"]
[BlackElo "2353"]

1.c4 e5 2.g3 Nc6 3.Bg2 f5 4.Nc3 Nf6 5.Rb1 Bb4 6.Nd5 Nxd5 7.cxd5 Ne7 8.a3 Bd6
9.d3 O-O 10.Nf3 b6 11.Bg5 h6 12.Bxe7 Qxe7 13.Nd2 b5 14.Rc1 Rb8 15.Nb3 Bb7
16.O-O a6 17.Qc2 Ba8 18.Nc5 Rb6 19.b4 Kh8 20.Qa2 Qf7 21.Rc2 Bxc5 22.bxc5 Rf6
23.Rfc1 e4 24.c6 dxc6 25.dxe4 fxe4 26.e3 Qxd5 27.Qxd5 cxd5 28.Rxc7 Rxf2 29.Ra7 Re2
30.Bh3 Rxe3 31.Rcc7 d4 32.Be6 Re1+ 33.Kg2 e3+ 34.Kh3 e2 35.Rxg7 Be4 36.Bd5 Bf5+
37.g4 Rg1 38.Be6 e1=Q  0-1

[Event "Dutch Open"]
[Site "Dieren NED"]
[Date "2006.07.29"]
[Round "5"]
[White "Van der Elburg,F"]
[Black "Schuurman,P"]
[Result "1-0"]
[WhiteElo "2348"]
[BlackElo "2219"]

1.c4 e5 2.g3 Nf6 3.Bg2 d5 4.cxd5 Nxd5 5.Nf3 Nc6 6.O-O Nb6 7.Nc3 Be6 8.a3 a5
9.d3 Be7 10.Be3 f6 11.Rc1 O-O 12.Ne4 Nd4 13.Bxd4 exd4 14.Qc2 f5 15.Nc5 Bd5
16.Nxd4 Bxg2 17.Nde6 Qd5 18.e4 fxe4 19.dxe4 Bxe4 20.Qxe4 Bxc5 21.Qxd5 Nxd5
22.Rxc5 Rf6 23.Nxc7 Rc8 24.Rxd5 Rxc7 25.Rxa5 Rb6 26.b4 Rc2 27.f4 Ra2 28.Rf2 Ra1+
29.Kg2 Kf7 30.Rd2 Kf6 31.Rd7 h6 32.h4 Ra2+ 33.Kh3 h5 34.Rxh5 Rxa3 35.Rh7 Rxb4
36.Rhxg7 b5 37.h5 Kf5 38.Rde7 Rb1 39.Rgf7+  1-0

[Event "Sunny Pawn B"]
[Site "Illichevsk UKR"]
[Date "2006.07.29"]
[Round "10"]
[White "Skalski,M"]
[Black "Romcovici,V"]
[Result "1/2-1/2"]
[WhiteElo "2343"]
[BlackElo "2310"]

1.c4 e5 2.g3 Nc6 3.Bg2 g6 4.Nc3 Bg7 5.d3 d6 6.Nf3 Nge7 7.O-O O-O 8.Rb1 Be6
9.b4 Qd7 10.Ng5 h6 11.Nxe6 Qxe6 12.Nd5 Rfc8 13.b5 Nd8  1/2-1/2

[Event "15th Open A"]
[Site "Vienna AUT"]
[Date "2006.07.30"]
[Round "2"]
[White "Holzer,G"]
[Black "Timoscenko,G"]
[Result "0-1"]
[WhiteElo "2251"]
[BlackElo "2494"]

1.c4 e5 2.g3 Nf6 3.Bg2 d5 4.cxd5 Nxd5 5.Nc3 Nb6 6.Nf3 Nc6 7.O-O Be7 8.d3 O-O
9.Be3 Bg4 10.Rc1 Qd7 11.Na4 e4 12.Rxc6 exf3 13.exf3 Qxc6 14.Nxb6 axb6 15.fxg4 Qd7
16.a3 Rad8 17.Be4 Bf6 18.Qe2 c5 19.g5 Bd4 20.Bc1 Rfe8 21.Qf3 Re7 22.Kg2 g6
23.Qd1 Bxf2 24.Qb3 Bd4 25.Rf4 b5  0-1

[Event "15th Open A"]
[Site "Vienna AUT"]
[Date "2006.07.31"]
[Round "3"]
[White "Schwab,R"]
[Black "Robitsch,H"]
[Result "1-0"]
[WhiteElo "2224"]
[BlackElo "2071"]

1.c4 e5 2.g3 Nf6 3.Bg2 Be7 4.b3 O-O 5.Bb2 d6 6.Nc3 c6 7.d4 exd4 8.Qxd4 Qb6
9.Nf3 Qxd4 10.Nxd4 Rd8 11.O-O Na6 12.Rad1 Kf8 13.Rd2 Nc7 14.e4 g6 15.Rfd1 Ne6
16.Nc2 a5 17.Na4 Nd7 18.f4 b5 19.cxb5 cxb5 20.Nc3 Rb8 21.Nd5 Ndc5 22.f5 Bg5
23.fxe6 fxe6 24.Nde3 Bb7 25.Rxd6 Rxd6 26.Rxd6 Be7 27.Rb6 Rd8 28.Rxb5 Bxe4
29.Ba3 Bxg2 30.Kxg2  1-0

[Event "Dutch Open"]
[Site "Dieren NED"]
[Date "2006.08.01"]
[Round "7"]
[White "Odendahl,R"]
[Black "Hartoch,R"]
[Result "1/2-1/2"]
[WhiteElo "2389"]
[BlackElo "2265"]

1.c4 e5 2.g3 d6 3.Bg2 g6 4.Nc3 Bg7 5.e4 Nc6 6.Nge2 Be6 7.Nd5 Qd7 8.d3 Nd8
9.d4 c6 10.Ne3 f5 11.d5 cxd5 12.cxd5 Bf7 13.Bh3 Ne7 14.Qd3 O-O 15.exf5 gxf5
16.Nxf5 Bg6 17.Nh6+ Kh8 18.Bxd7 Bxd3 19.Nc3 Bc4  1/2-1/2

[Event "Dutch Open"]
[Site "Dieren NED"]
[Date "2006.08.01"]
[Round "7"]
[White "Van der Elburg,F"]
[Black "Miedema,R"]
[Result "1/2-1/2"]
[WhiteElo "2348"]
[BlackElo "2218"]

1.c4 e5 2.g3 Nf6 3.Bg2 c6 4.d4 exd4 5.Qxd4 Na6 6.Nf3 Bc5 7.Qd1 d5 8.cxd5 Nb4
9.O-O Nbxd5 10.Qc2 Qe7 11.a3 O-O 12.Nbd2 Bg4 13.e4 Nc7 14.b4 Bb6 15.Bb2 Ne6
16.e5 Nd5 17.Qc4 Bxf3 18.Bxf3 Ng5 19.Bg2 Qd7 20.Ne4 Qg4 21.Nd6 Nf3+ 22.Bxf3 Qxf3
23.Rae1 a5 24.b5 cxb5 25.Qxb5 Nf4 26.gxf4  1/2-1/2

[Event "Adolfo Pedrido Mem"]
[Site "Vilagarcia de Arousa ESP"]
[Date "2006.08.01"]
[Round "8"]
[White "Dimitrov,Vl"]
[Black "Manolache,M"]
[Result "0-1"]
[WhiteElo "2454"]
[BlackElo "2501"]

1.c4 e5 2.g3 Nf6 3.Bg2 Nc6 4.Nc3 Bc5 5.a3 a6 6.e3 O-O 7.Nge2 Ba7 8.b4 d6
9.Bb2 Bf5 10.d3 Rb8 11.Rc1 Ne7 12.e4 Be6 13.Nd5 Ng4 14.d4 c6 15.Nxe7+ Qxe7
16.h3 Nf6 17.O-O Rbd8 18.Kh2 Bc8 19.Qc2 Rfe8 20.Qc3 d5 21.exd5 cxd5 22.dxe5 d4
23.Qf3 Qxe5 24.Nf4 Qf5 25.Rfd1 Ne4 26.c5 Bd7 27.Rxd4 Bc6 28.Rxd8 Rxd8 29.Rd1 Re8
30.Re1 Bb8 31.Nh5 Qxf3 32.Bxf3 f6 33.Bxe4 Rxe4 34.Rxe4 Bxe4 35.Bxf6 g6 36.Ng7 Kf7
37.Bd4 Bc7 38.h4 Bd8 39.Kh3 Bc6 40.Kg4 Bd7+ 41.Kf4 Bf6 42.Bxf6 Kxf6 43.g4 Kxg7
44.g5 Kf7 45.Ke5 Ke7 46.f4 Bg4 47.a4 Bd7 48.a5 Bc6 49.f5 gxf5 50.Kxf5 Be8
51.Ke5 Kd7  0-1

[Event "15th Open A"]
[Site "Vienna AUT"]
[Date "2006.08.02"]
[Round "5"]
[White "Goetz,Al"]
[Black "Brandner,S"]
[Result "0-1"]
[WhiteElo "2181"]
[BlackElo "2341"]

1.c4 e5 2.g3 c6 3.Bg2 Nf6 4.d4 exd4 5.Qxd4 d5 6.cxd5 cxd5 7.Nf3 Nc6 8.Qa4 Bc5
9.O-O O-O 10.Bg5 h6 11.Bxf6 Qxf6 12.Nc3 Be6 13.Rfd1 Rad8 14.Rac1 a6 15.e3 Ba7
16.b3 d4 17.Ne4 Qe7 18.Nxd4 Nxd4 19.exd4 Bd5 20.Nc5 Bxg2 21.Kxg2 Rd5 22.Re1 Qg5
23.Rc2 Kh7 24.Qb4 Qf5 25.Rce2 b5 26.Re5 Bxc5  0-1

[Event "FSIMA August"]
[Site "Budapest HUN"]
[Date "2006.08.06"]
[Round "2"]
[White "Borgbjerg,E"]
[Black "Lengyel,B"]
[Result "1-0"]
[WhiteElo "2303"]
[BlackElo "2339"]

1.c4 e5 2.g3 Nf6 3.Bg2 d5 4.cxd5 Nxd5 5.Nc3 Nb6 6.Nf3 Nc6 7.O-O Be7 8.d3 O-O
9.a3 Be6 10.b4 a5 11.b5 Nd4 12.Rb1 f6 13.Nd2 Ra7 14.e3 Nf5 15.Qc2 g6 16.Rd1 Rf7
17.Nc4 Bf8 18.Bb2 Rd7 19.Ne4 Be7 20.Rbc1 a4 21.Bf1 Rd5 22.Nxb6 cxb6 23.d4 exd4
24.Bc4 Bf7 25.Bxd5 Bxd5 26.Qd3 Bb3 27.Rd2 Ra8 28.exd4 Nd6 29.d5 Rc8 30.Rxc8 Qxc8
31.Nxd6 Bxd6 32.Qe3 Qd8 33.Qe6+ Kg7 34.Rd3 Qe7 35.Qxe7+ Bxe7 36.d6 Bd8 37.d7 Kf7
38.Rd4 Ke6 39.Bc3 Bd5 40.f4 h5 41.Bb4 Bb3 42.Kf2 g5 43.Ke3 Kf5 44.fxg5 fxg5
45.h3 Be6 46.h4 gxh4 47.gxh4 Kg6 48.Ke4 Bh3 49.Be7 Bg2+ 50.Ke5 Bc7+ 51.Rd6+  1-0

[Event "San Agustin Open"]
[Site "Aviles ESP"]
[Date "2006.08.08"]
[Round "4"]
[White "Videnova,I"]
[Black "Suarez Calvo,A"]
[Result "1-0"]
[WhiteElo "2124"]
[BlackElo "2009"]

1.c4 e5 2.g3 Nf6 3.Bg2 c6 4.Nf3 e4 5.Nd4 d5 6.cxd5 cxd5 7.O-O Qb6 8.Nb3 a5
9.a4 Be6 10.d4 Nc6 11.Nc3 Be7 12.Nb5 O-O 13.Bf4 Rac8 14.Rc1 Ne8 15.Kh1 f5
16.f3 h6 17.Nc5 Nxd4 18.Nxe6 Rxc1 19.Bxc1 Nxe6 20.Qxd5 Qc6 21.fxe4 fxe4 22.Rxf8+ Bxf8
23.Qxc6 bxc6 24.Nc3 Nd6 25.Nxe4 Nd4 26.Nxd6 Bxd6 27.Bd2 Nb3 28.Bc3 Kf8 29.Bxc6 Bc7
30.Kg2 Bb6 31.Bd5 Nc5 32.b3 Na6 33.Kf3 Nc7 34.Bc4 g5 35.g4 Ne8 36.Ke4 Nc7
37.Kf5  1-0

[Event "FSIMA August"]
[Site "Budapest HUN"]
[Date "2006.08.08"]
[Round "4"]
[White "Borgbjerg,E"]
[Black "Toth,Li"]
[Result "1/2-1/2"]
[WhiteElo "2303"]
[BlackElo "2217"]

1.c4 e5 2.g3 Nf6 3.Bg2 c6 4.d4 Bb4+ 5.Bd2 Bxd2+ 6.Qxd2 d6 7.e3 O-O 8.Ne2 Qe7
9.Nbc3 Nbd7 10.h3 Re8 11.g4 Nb6 12.b3 exd4 13.Qxd4 d5 14.cxd5 Nfxd5 15.Nxd5 Nxd5
16.Bxd5 cxd5 17.Nf4 Be6 18.O-O Rad8 19.Rac1 Rd6 20.Rfd1 Red8 21.Rc3 Qg5 22.f3 g6
23.Kh2 Qh4 24.Rf1 Ra6 25.a4 Rc6 26.Rxc6 bxc6 27.Qxa7 d4 28.Nxe6 fxe6 29.exd4 Qf6
30.Qc7 Rxd4 31.Rf2 e5 32.Re2 Rd5 33.Kg2 Rd3 34.Rf2 Rxb3 35.a5 Ra3 36.a6 c5
37.Qxc5 Rxa6 38.Qd5+ Qe6  1/2-1/2

[Event "FSIMA August"]
[Site "Budapest HUN"]
[Date "2006.08.11"]
[Round "7"]
[White "Borgbjerg,E"]
[Black "Sardy,P"]
[Result "1-0"]
[WhiteElo "2303"]
[BlackElo "2339"]

1.c4 e5 2.g3 f5 3.Bg2 Nf6 4.d4 Bb4+ 5.Bd2 Bxd2+ 6.Qxd2 d6 7.Nc3 O-O 8.e3 c6
9.Nge2 Qe7 10.O-O Na6 11.Rae1 e4 12.d5 Nc7 13.f3 cxd5 14.cxd5 Qe5 15.fxe4 fxe4
16.Qd4 Re8 17.Rf4 Bf5 18.Rd1 Re7 19.Rd2 Rf8 20.Qxe5 Rxe5 21.Nd4 Bg6 22.Ne6 Nxe6
23.dxe6 Rxe6 24.Bh3 Ree8 25.Rxd6 Rd8 26.Rxd8 Rxd8 27.Be6+ Kf8 28.Bd5 Ke7
29.Bxb7 Rb8 30.Bxe4 Bf7 31.Bd3 Rxb2 32.Rf2 Rb4 33.Rf4 Rb7 34.Ra4 Be8 35.Ra5 Bc6
36.Bb5 Bf3 37.Kf2 Bh1 38.Ke2 Rc7 39.Ra3 Kd6 40.Bd3 h6  1-0

[Event "San Agustin Open"]
[Site "Aviles ESP"]
[Date "2006.08.13"]
[Round "9"]
[White "Videnova,I"]
[Black "Rzayev,B"]
[Result "0-1"]
[WhiteElo "2124"]
[BlackElo "2051"]

1.c4 e5 2.g3 Nc6 3.Bg2 d6 4.Nc3 Be6 5.d3 Qd7 6.e4 g6 7.Nge2 Bg7 8.O-O Bh3
9.f3 Nge7 10.Bxh3 Qxh3 11.Nd5 Qd7 12.Rb1 h5 13.h4 O-O 14.b4 f5 15.b5 Nd8
16.Nxe7+ Qxe7 17.exf5 gxf5 18.Nc3 Ne6 19.Nd5 Qf7 20.f4 Rae8 21.Ba3 exf4 22.Nxf4 Nxf4
23.gxf4 Re3 24.Kh2 Rfe8 25.Rg1 Re2+ 26.Rg2 Qe7 27.Rxe2 Qxe2+ 28.Qxe2 Rxe2+
29.Kg3 Re3+ 30.Kg2 Rxd3 31.Bb4 Bc3 32.a4 Bxb4 33.Rxb4 Ra3 34.b6 axb6 35.Rb5 Rxa4
36.Rxf5 Rxc4 37.Rg5+ Kf7 38.Kg3 Rc3+ 39.Kg2 Rc5 40.f5 Kf6 41.Rxh5 Rxf5 42.Rh8 b5
43.Rb8 b6 44.Kg3 b4 45.Kg4 Rc5 46.Rf8+ Kg6 47.Rf4 b5 48.h5+ Rxh5 49.Rxb4 Rc5
50.Kf3 c6 51.Ke3 Rc4 52.Rb1 b4 53.Kd3 d5 54.Rf1 c5 55.Rf2 Rc3+ 56.Kd2 d4
57.Rf8 b3 58.Rb8 c4 59.Rb4 Rc2+ 60.Kd1 d3  0-1

[Event "Epetium Open"]
[Site "Stobrec CRO"]
[Date "2006.08.16"]
[Round "4"]
[White "Plenkovic,Z"]
[Black "Hecko,D"]
[Result "1-0"]
[WhiteElo "2325"]
[BlackElo "2144"]

1.c4 e5 2.g3 g6 3.Bg2 Bg7 4.Nc3 d6 5.Nf3 Nc6 6.O-O Nge7 7.Ne1 Be6 8.d3 O-O
9.Nc2 d5 10.cxd5 Nxd5 11.Ne3 Nce7 12.Ne4 Nxe3 13.Bxe3 Bd5 14.Bc5 Re8 15.Bxe7 Rxe7
16.Nc3 Bxg2 17.Kxg2 c6 18.Rc1 Qd7 19.b4 Rd8 20.a4 a6 21.Qb3 h5 22.h4 Kh7
23.Rfd1 f5 24.b5 axb5 25.axb5 cxb5 26.Nxb5 Qd5+ 27.Qxd5 Rxd5 28.Nc7 Rdd7
29.Nb5 Rd5 30.Rc7 Rdd7 31.Rdc1 Kg8 32.e4 Kf7 33.R1c3 Rxc7 34.Nxc7 Rd7 35.Kf3 Bf6
36.Nd5 Bd8 37.Rb3 Ke6 38.Ke2 Kd6 39.Ne3 fxe4 40.dxe4 Kc6 41.Nd5 b6 42.Nb4+ Kb7
43.Nd3 Bc7 44.Nc5+ Kc6 45.Nxd7 Kxd7 46.Kd3 Kc6 47.Kc4 Bd8 48.Rf3 b5+ 49.Kb3 Kc5
50.Rf7 Ba5 51.Rd7 Be1 52.Rd5+ Kc6 53.Rxe5 Bxf2 54.Rg5 Kd6 55.Kb4 Ke6 56.Kxb5 Kf6
57.Kc6 Be3 58.e5+ Ke6 59.Rxg6+ Kxe5 60.Kd7 Kf5 61.Rg8 Bd2 62.Ke7 Be3 63.Kd6 Bd2
64.Kd5 Be3 65.Rf8+ Kg4 66.Ke4 Bd2 67.Rg8+ Kh3 68.Kf3 Bb4 69.Rg6 Be1 70.Rg5 Kh2
71.g4  1-0

[Event "6th Open"]
[Site "Velika Gorica CRO"]
[Date "2006.08.19"]
[Round "1"]
[White "Lalic,B"]
[Black "Ivekovic,Bo"]
[Result "1/2-1/2"]
[WhiteElo "2488"]
[BlackElo "2079"]

1.c4 e5 2.g3 Nf6 3.Bg2 Nc6 4.Nc3 Bb4 5.Nd5 O-O 6.e3 Nxd5 7.cxd5 Ne7 8.Ne2 d6
9.a3 Ba5 10.O-O f5 11.d3 Ng6 12.Kh1 Bb6 13.Bd2 Bd7 14.Nc3 f4 15.Ne4 fxe3
16.fxe3 Rxf1+ 17.Qxf1 Qe7 18.Qe2 Rf8 19.a4 a6 20.a5 Ba7 21.Rc1 Bc8 22.h3 Nh8
23.Rc4 Nf7 24.g4 b5 25.axb6 Bxb6 26.Rc1 Ng5 27.Ng3 g6 28.Rf1 Rxf1+ 29.Qxf1 Qf8
30.Qe2 h6 31.Kh2 Qe7 32.Ne4 Nxe4 33.Bxe4 Kg7 34.b4 Bd7 35.Qf3 Qf7 36.h4 Qxf3
37.Bxf3 Bb5 38.Be4 g5 39.Kg3 Kf6 40.hxg5+ hxg5 41.Kf3  1/2-1/2

[Event "Independence Cup A"]
[Site "Kyiv UKR"]
[Date "2006.08.23"]
[Round "11"]
[White "Ianovsky,A"]
[Black "Moiseev,Ig"]
[Result "0-1"]
[WhiteElo "2308"]
[BlackElo "2246"]

1.g3 e5 2.c4 g6 3.Bg2 Bg7 4.Nc3 Ne7 5.d3 O-O 6.Nf3 Nbc6 7.O-O h6 8.Rb1 d5
9.cxd5 Nxd5 10.Nxe5 Nxe5 11.Nxd5 Be6 12.Nc3 c5 13.Bxb7 Rb8 14.Bg2 Ng4 15.Bd2 h5
16.Qa4 c4 17.Bf4 Rc8 18.dxc4 Rxc4 19.Qxa7 Rxf4 20.e3 Rb4 21.Rfd1 Qb8 22.Qxb8 Rfxb8
23.Ne4 Bxa2 24.Rbc1 Rxb2 25.h3 Ne5 26.Rc7 Rb1 27.Rxb1 Rxb1+ 28.Kh2 Rb2 29.Kg1 Nd3
30.Bf1 Rb1 31.Nc3 Bxc3 32.Rxc3 Ne5 33.Rc5 Bc4 34.Rxe5 Bxf1 35.Kh2 Rb2 36.Kg1 Bxh3
37.Ra5 Kg7 38.Ra6 Bc8 39.Rd6 Bb7 40.Rd1 Bf3 41.Rc1 Rd2 42.Ra1 Rd1+ 43.Rxd1 Bxd1
44.Kg2 Kf6 45.f3 Kf5 46.e4+ Ke5 47.Kf2 Kd4 48.f4 Kxe4 49.Ke1 Kf3 50.Kxd1 Kxg3
51.f5 h4 52.Kd2 h3 53.f6 h2 54.Ke3 h1=Q 55.Kd4 Kf4 56.Kc5 Qd1 57.Kc6 Ke5
58.Kc7 Qd6+ 59.Kb7 Qd7+ 60.Kb6 Kd5 61.Ka6 Qc7 62.Kb5 Qb7+ 63.Ka4 Kc4 64.Ka3 Qb3+  0-1

[Event "Adolfo Pedrido Mem"]
[Site "Vilagarcia de Arousa ESP"]
[Date "2006.08.25"]
[Round "1"]
[White "Otero Ramirez,A"]
[Black "Garcia Castro,P"]
[Result "0-1"]
[WhiteElo "1870"]
[BlackElo "2336"]

1.c4 e5 2.g3 Nc6 3.Bg2 d6 4.Nc3 Be6 5.d3 Qd7 6.Nd5 Nd8 7.Bd2 c6 8.Nc3 g6
9.Rc1 Bg7 10.b4 Ne7 11.a4 O-O 12.e4 d5 13.cxd5 cxd5 14.Nce2 f5 15.f4 dxe4
16.dxe4 Ndc6 17.b5 Nd4 18.Nxd4 Qxd4 19.Ne2 Qb6 20.Nc3 Rfd8 21.Qe2 Rac8 22.exf5 Nxf5
23.fxe5 Rxd2 24.Qxd2 Bh6 25.Qf2 Bxc1 26.Qxb6 axb6 27.Nd5 Ba3 28.Nf6+ Kg7
29.Bxb7 Rc5 30.Kf2 Rxe5 31.Ne8+ Kf8 32.Nc7 Bc5+ 33.Kf3 Nd4+ 34.Kf4 Bd6 35.Nxe6+ Rxe6+
36.Kg4 h5+ 37.Kh3 Re2 38.Rf1+  0-1

[Event "3rd Dato Arthur Tan"]
[Site "Kuala Lumpur MAS"]
[Date "2006.08.26"]
[Round "9"]
[White "Laylo,D"]
[Black "Akshayraj,K"]
[Result "1-0"]
[WhiteElo "2428"]
[BlackElo "2395"]

1.c4 e5 2.g3 Nc6 3.Bg2 f5 4.Nc3 d6 5.d3 Nf6 6.Nf3 h6 7.Nh4 Ne7 8.f4 c6 9.e4 g6
10.Qe2 Bg7 11.exf5 gxf5 12.c5 exf4 13.Ng6 fxg3 14.Bf4 dxc5 15.Nxh8 Bxh8 16.hxg3 Ng4
17.O-O-O Kf7 18.Bf3 Nf6 19.Rde1 Neg8 20.Bxh6 Nxh6 21.Rxh6 Bg7 22.Rh4 Bd7
23.Bh5+ Kf8 24.Qf2 b6 25.Bg6 Ng8 26.Bxf5 Qg5+ 27.Qf4 Qxf5 28.Qxf5+ Bxf5 29.Rf1 Nh6
30.g4 Bf6 31.Rh5 Bg6 32.Rxf6+ Kg7 33.Rxc6 Bxh5 34.gxh5 Nf5 35.Ne4 Ne7 36.h6+ Kf8
37.Rf6+ Kg8 38.Re6 Nf5 39.Rf6 Ne7 40.Ng5 Nd5 41.Rg6+ Kf8 42.h7 Ke7  1-0

[Event "VIII Open"]
[Site "Sants ESP"]
[Date "2006.08.27"]
[Round "3"]
[White "Narciso Dublan,M"]
[Black "Sanchez Perales,E"]
[Result "1-0"]
[WhiteElo "2467"]
[BlackElo "2238"]

1.c4 e5 2.g3 Nf6 3.Bg2 Bc5 4.Nc3 O-O 5.e3 Nc6 6.Nge2 Re8 7.O-O d6 8.d4 exd4
9.exd4 Bb6 10.h3 Bf5 11.Kh2 a6 12.Bg5 h6 13.Bxf6 Qxf6 14.Nd5 Qd8 15.Nxb6 cxb6
16.Nc3 Rc8 17.Qd2 Na5 18.b3 b5 19.cxb5 axb5 20.Nxb5 Rc2 21.Qf4 Bd3 22.Nxd6 Re7
23.Rfc1 Rd7 24.Nf5 Qf6 25.Rxc2 Bxc2 26.Ne3 Qxf4 27.gxf4 Bd3 28.d5 b6 29.Rd1 Ba6
30.Rc1 g6 31.Ng4 Kg7 32.Ne5 Rd6 33.Rc7  1-0

[Event "TCh-Serbia w"]
[Site "Zlatibor SCG"]
[Date "2006.08.27"]
[Round "2"]
[White "Voiska,M"]
[Black "Muzychuk,A"]
[Result "1/2-1/2"]
[WhiteElo "2330"]
[BlackElo "2456"]

1.c4 e5 2.g3 Nc6 3.Bg2 f5 4.Nc3 Nf6 5.d3 d6 6.e3 g6 7.Nge2 Bg7 8.Rb1 O-O
9.O-O h6 10.b3 g5 11.f4 Ne7 12.Qd2 Ng6 13.Bb2 c6 14.Nd1 Be6 15.Nf2 Qc7 16.Rbc1 Rae8
17.d4 Bc8 18.b4 Rf7 19.d5 Rfe7 20.fxe5 Nxe5 21.h3 Ng6 22.Nd4 c5 23.Ne6 Bxe6
24.Bxf6 Bxf6 25.dxe6 Be5 26.Bd5 Rf8 27.Kg2 cxb4 28.Qxb4 h5 29.Qb1 Qb6 30.Qxb6 axb6
31.Nd3 f4 32.exf4 gxf4 33.gxf4 Bxf4 34.Rb1 Nh4+ 35.Kh1 Be3 36.Rxf8+ Kxf8
37.Re1 Bg5 38.Rg1 Rg7 39.Rf1+ Ke7 40.Nf4 Bxf4 41.Rxf4 Ng6 42.Rf3 Nf8 43.Rb3 Nxe6
44.Rxb6 Nc5 45.Bxb7 Rg3 46.Kh2 Ra3 47.Rb2 Nxb7 48.Rxb7+ Kf6 49.Rb6 Rxa2+
50.Kg3 Ke7 51.Rb5  1/2-1/2